Statistiques concernant Paroles : "Chère amie (Toutes mes excuses)" - Marc Lavoine / F.Hardy

Cliquez ici pour prendre le quiz!

Statistiques générales

  • Ce quiz a été pris 18 fois
  • Le résultat moyen est 132 sur 162

Statistiques - réponses

ChanteursParoles% Correct
à
100%
amie
100%
DuoChère
100%
F.HardyEt
100%
Duo | F.Hardy | M.LavoineJe
100%
je
100%
la
100%
le
100%
me
100%
mes
100%
ai
92%
ces
92%
de
92%
mon
92%
pas
92%
que
92%
Que
92%
Qui
92%
un
92%
vous
92%
Vous
92%
Avec
85%
cœur
85%
excuses
85%
les
85%
mal
85%
ne
85%
pense
85%
Pour
85%
pour
85%
tout
85%
Toutes
85%
une
85%
depuis
77%
dire
77%
envoie
77%
fais
77%
fait
77%
l'intérieur
77%
Mais
77%
mots
77%
perdu
77%
plus
77%
Plus
77%
quelques
77%
sur
77%
temps
77%
beau
69%
fleurs
69%
j'ai
69%
même
69%
qu'il
69%
Seule
69%
souvent
69%
continue
62%
écris
62%
m'en
62%
quand
62%
rêve
62%
souffle
62%
vais
62%
bateaux
54%
blancs
54%
D'aimer
54%
désir
54%
minute
54%
n'avez
54%
partout
54%
rendez-vous
54%
souviens
54%
vent
54%
vois
54%
entraîne
46%
J'invente
46%
Laisser
46%
manque
46%
peine
46%
réveille
38%
voler
31%
attends
23%

Distribution des résultats

Percentile par nombre de réponses

% des personnes avec chaque résultat

Votre développement - résultats

Vous n’avez pas pris ce quiz